| 000 | 01088 a2200157 4500 | ||
|---|---|---|---|
| 003 | Nust | ||
| 005 | 20230130123153.0 | ||
| 040 | _cNust | ||
| 082 | _a920,KIN | ||
| 245 |
_aA King's Story : _bThe Memoirs of H.R.M the Duke of Windsor K.G / |
||
| 260 |
_aLondon _bCassell _61951 |
||
| 300 | _a440:p | ||
| 505 | _aThe Little France (Page-1), Edwardian Schoolroom (Page-16), The Sequire of Sandringham (Page-34), The Navy will Teach David (Page-53), I Become Prince of Wales (Page-69), Student Prince (Page-88), The Grim School of War (Page-106), My Entry Into Public Life (Page-127), They Called Me Digger (Page-152), The Brightest Jewel (Page-162), A Prophetic Date (Page-204), My Father Dies (Page-261), The First Six Month of My Reign (Page-286), Balkan Holiday (Page-302), The King Receives a Disturbing Letter (Page-321), A Momentous Cabinet Meeting (Page-337), Wallis Depart for France (Page-358), The King’s Party (Page-380), The Fate of the Two Bills (Page-389), The Conspiracy That Failed (Page-407), God Save the King (Page-407). | ||
| 650 |
_aBiography _9461 |
||
| 942 |
_2ddc _cBK |
||
| 999 |
_c187114 _d187114 |
||